| 000 | 00792nam a2200253 a 4500 | ||
|---|---|---|---|
| 003 | (BD-SpBAUS) | ||
| 005 | 20260219104115.0 | ||
| 008 | 260219r20231982ii a|||| |||| 001 0 eng d | ||
| 020 | _a9789352533800 | ||
| 040 |
_aBD-SpBAUS _cBD-SpBAUS |
||
| 041 | _aeng | ||
| 082 |
_a620.136 _bSHC 1982 |
||
| 100 |
_aShetty, M. S. _92388 |
||
| 245 |
_aConcrete Technology : _btheory and practice/ _cM. S. Shetty, and A. K. Jain. |
||
| 250 | _a8th ed, | ||
| 260 |
_aNew Delhi : _bS. Chand, _c1982 {Reprint 2023]. |
||
| 300 |
_axxviii, 636 p. : _bill. ; _c24 cm. |
||
| 504 | _aInclude index and references | ||
| 650 |
_aConcrete Mixing _92389 |
||
| 650 |
_aConcrete Quality control _92390 |
||
| 700 |
_aJain, A. K. _92391 |
||
| 856 | _uhttps://search.worldcat.org/title/1298198975 | ||
| 942 |
_2ddc _cBK _n0 |
||
| 999 |
_c970 _d970 |
||